[Event "Agios Nikolaos op 3rd"]
[Site "Agios Ioannis"]
[Date "2019.08.27"]
[Round "2"]
[White "Papanikos, Konstantinos"]
[Black "Nichlos, Antonios"]
[Result "0-1"]
[WhiteElo "1182"]
[BlackElo "1628"]
[PlyCount "82"]
[EventDate "2019.08.26"]
[EventType "swiss"]
[EventRounds "9"]
[EventCountry "GRE"]
[SourceTitle "EXT 2020"]
[Source "ChessBase"]
[SourceDate "2019.10.17"]
[SourceVersion "1"]
[SourceVersionDate "2019.10.17"]
[SourceQuality "1"]

1. d4 Nf6 2. Nf3 g6 3. g3 Bg7 4. Bg2 c6 5. 0-0 0-0 6. c4 Na6 7. Nc3 d5 8. Qb3 e6 9. Re1 Re8 10. Bg5 h6 11. Bc1 g5 12. a3 Nc7 13. Qc2 Rb8 14. e4 dxe4 15. Nxe4 Nxe4 16. Qxe4 Bd7 17. Ne5 Re7 18. Be3 Be8 19. Rad1 f6 20. Nf3 Rd7 21. h4 Bf7 22. hxg5 hxg5 23. Qc2 Qe8 24. Qc3 Rbd8 25. Rd2 Qe7 26. Red1 Bh6 27. Bh3 Bh5 28. g4 Bg6 29. Bg2 Qh7 30. Bf1 Be4 31. Bd3 Bg7 32. Kg2 Qh4 33. Bxe4 Qxg4+ 34. Kf1 Qxe4 35. Ke2 Kf7 36. Rg1 g4 37. Nh2 f5 38. Kd1 Bxd4 39. Bxd4 Rxd4 40. Re1 Rxd2+ 41. Qxd2 Rxd2+ 0-1

[Event "Agios Nikolaos op 3rd"]
[Site "Agios Ioannis"]
[Date "2019.08.26"]
[Round "1"]
[White "Lekic, Dusan"]
[Black "Papanikos, Konstantinos"]
[Result "1-0"]
[WhiteElo "2330"]
[BlackElo "1182"]
[PlyCount "37"]
[EventDate "2019.08.26"]
[EventType "swiss"]
[EventRounds "9"]
[EventCountry "GRE"]
[SourceTitle "EXT 2020"]
[Source "ChessBase"]
[SourceDate "2019.10.17"]
[SourceVersion "1"]
[SourceVersionDate "2019.10.17"]
[SourceQuality "1"]

1. d4 Nf6 2. c4 g6 3. f3 d5 4. cxd5 Nxd5 5. e4 Nb6 6. Nc3 Bg7 7. Be3 0-0 8. Qd2 e5 9. d5 c6 10. h4 cxd5 11. exd5 N8d7 12. h5 Nf6 13. hxg6 fxg6 14. 0-0-0 Re8 15. d6 e4 16. Bh6 exf3 17. Nxf3 Bxh6 18. Qxh6 Ng4 19. Qxh7+ 1-0